00693nam a22001697a 4500003000900000008004100009040007100050082001800121100002400139245006200163260003900225300002800264505018400292650001700476650001100493650001900504AR-CdUCM190312b ||||| |||| 00| 0 spa d aMUNICIPALIDAD PROVINCIAL DEL CUSCOcBIBLIOTECA MUNICIPAL DEL CUSCO a973.8 /bCH18 aCharlmers, David M. aKu Klux Klan :bLos americanos encapuchados 1865 - 1965 / aBarcelona :bGrijalbo S.A ,c1965. a476 páginas ;c22 cm. aContenido : Nacimiento del Ku Klux Klan -- El nacimiento de una nacion -- La resurreccion del Ku Klux Klan -- Los ojos de Texas -- Mutilacion criminal y ley marcial en Oklahoma... aKu Klux Klan aSectas aEstados Unidos